| 000 | 00526nam a22001817a 4500 | ||
|---|---|---|---|
| 999 |
_c533098 _d533098 |
||
| 003 | NUST | ||
| 005 | 20191212113131.0 | ||
| 008 | 191212b ||||| |||| 00| 0 eng d | ||
| 020 | _a1443873829 | ||
| 024 | _a9781443873826 | ||
| 038 | _aMSOHAIL | ||
| 082 | _a361.25 MOU | ||
| 100 |
_aNikolai Mouraviev, Nada Kakabadse _926805 |
||
| 245 | _a Public-Private Partnerships in Transitional Nations: Policy, Governance and Praxis | ||
| 260 |
_aUK _bCambridge Scholars Publishing _cc2017 |
||
| 300 | _a268;p.v | ||
| 942 |
_2ddc _cBK |
||